000 00350nam a2200133Ia 4500
008 240624s9999 xx 000 0 und d
041 _aeng
082 _a954 KEA
100 _aKEAY JOHN
245 _aINDIA A HISTORY FROM THE EARLIEST CIVILI
260 _c2010
_aNew Delhi
_bHarper Press
300 _axxviii, : 658 : p. : cm. ; 20
365 _cRS
_b25
999 _c18577
_d18577